Měnová politika, inflace a cílování inflace

Menová politika ako dôležitý fenomén modernej ekonomiky. Od zlatého štandardu k veľkej depresii. Zodpovednosť riadenia peňažnej zásoby centrálnymi bankami. Keynesisti a monetaristi. Nezávislosť centrálnych bánk. Rôzne názory na inflačné správanie. Miera inflácie v ČR v posledných 12 rokoch meraná d...

Descrizione completa

Salvato in:
Dettagli Bibliografici
Natura: Capitolo di libro
Lingua:ceco
Soggetti:
Tags: Aggiungi Tag
Nessun Tag, puoi essere il primo ad aggiungerne!!

MARC

LEADER 00000naa$a2200000$$$4500
001 0045179
005 20231010085733.6
041 0 |a cze 
044 |a CZ 
245 1 0 |a Měnová politika, inflace a cílování inflace 
520 |a Menová politika ako dôležitý fenomén modernej ekonomiky. Od zlatého štandardu k veľkej depresii. Zodpovednosť riadenia peňažnej zásoby centrálnymi bankami. Keynesisti a monetaristi. Nezávislosť centrálnych bánk. Rôzne názory na inflačné správanie. Miera inflácie v ČR v posledných 12 rokoch meraná deflátorom HDP. 
610 2 0 |a politika menová 
610 2 0 |a inflácia 
610 2 0 |a cielenie inflácie 
610 2 0 |a banky centrálne 
610 2 0 |a miera inflácie 
610 2 0 |a Česko